Macroeconomía y moneda: aspectos básicos del funcionamiento agregado de la economía
Gespeichert in:
| 1. Verfasser: | |
|---|---|
| Format: | Buch |
| Sprache: | Spanisch |
| Veröffentlicht: |
Santiago
Del Pacífico
1973
|
| Schlagworte: | |
| Tags: |
Tag hinzufügen
Keine Tags, Fügen Sie den ersten Tag hinzu!
|
MARC
| LEADER | 00000nam a2200000 a 4500 | ||
|---|---|---|---|
| 001 | UCV4109 | ||
| 003 | CL-VaPUC | ||
| 008 | 891106e19730000CL |||||||||||||||||spa|d | ||
| 082 | 0 | 4 | |a 339 |b MIL |2 21 |
| 100 | |a Millan Smitmans, Patricio |e autor |9 298455 | ||
| 245 | 1 | 0 | |a Macroeconomía y moneda: aspectos básicos del funcionamiento agregado de la economía |
| 300 | |a 227 p | ||
| 942 | |c BK | ||
| 945 | |d 19891106 00:00:00 |a mfernand | ||
| 260 | |a Santiago |b Del Pacífico |c 1973 | ||
| 650 | 0 | |a Macroeconomía |9 260301 | |
| 583 | |a last modification |c 19891106 00:00:00 |k Rodrigo Vera | ||
| 999 | |c 211110 |d 211108 | ||
| 952 | |0 0 |1 0 |4 0 |6 339_000000000000000_MIL_1973 |7 0 |8 A |9 189113 |a BIBENE |b BIBENE |d 2019-11-14 |i 2566850 |o 339 MIL 1973 |p 2566850 |r 2025-01-15 |w 2019-11-14 |y BK |k ICO | ||
| 952 | |0 0 |1 0 |4 0 |6 339_000000000000000_MIL_1973 |7 0 |8 A |9 189114 |a BIBENE |b BIBENE |d 2019-11-14 |i 2566869 |o 339 MIL 1973 |p 2566869 |r 2025-01-15 |w 2019-11-14 |y BK |k ICO | ||
| 952 | |0 0 |1 0 |4 0 |6 339_000000000000000_MIL_1973 |7 0 |8 A |9 189115 |a BIBGIM |b BIBGIM |d 2019-11-14 |i 2969491 |o 339 MIL 1973 |p 2969491 |r 2025-01-15 |w 2019-11-14 |y BK |k COM | ||